| 000 | 00654cam a22002291 4500 | ||
|---|---|---|---|
| 001 | sa 68004716 | ||
| 003 | DLC | ||
| 005 | 20260227112503.0 | ||
| 008 | 890525s1967 ii b 000 0 hino | ||
| 010 | _asa 68004716 | ||
| 035 | _a(OCoLC)19764868 | ||
| 040 |
_aDLC _cWaU _dDLC |
||
| 042 | _apremarc | ||
| 050 | 0 | 0 |
_aPK1934 _b.S57 |
| 100 | 2 | _aŚivarāma Śarmā, S. V. | |
| 245 | 1 | 0 | _aHindī-Têlugu vyākaraṇoṃ kā eka tulanātmaka adhyayana. |
| 260 | _c[1967] | ||
| 300 |
_a12, 128 p. (p. 128 advertisement) _c23 cm. |
||
| 500 | _aIn Hindi. | ||
| 504 | _aBibliography: p. 122-123. | ||
| 650 | 0 |
_aHindi language _xGrammar, Comparative _xTelugu. |
|
| 999 |
_c80287 _d80287 |
||